LEADER 01286cam a2200217 7i4500
001 0000004328
005 20061125090000.0
090 0 0 |a P 9   |b M3 S4 1983 
110 1 0 |a Seminar Kebangsaan Tentang Komunikasi untuk Pembangunan(:  |c 1983:  |c Serdang).) 
245 0 1 |a (Proceedings) Seminar Kebangsaan tentang Komunikasi untuk Pembangunan   |c (penyunting) Mohd. Yusof Hussain ... (et al.   |c (penyunting) Mohd. Yusof Hussain ... (et al.   |c National Seminar on Development Support Communication   |c (penyunting) Mohd. Yusof Hussain ... (et al.   |c National Seminar on Development Support Communication   |c edited by Mohd. Yusof Hussain ... (et al.). 
260 0 0 |a Serdang:   |b Universiti Pertanian Malaysia,   |c 1983. 
300 # # |a 384p.:   |b ill.;   |c 29 cm.. 
650 0 0 |a Communication in rural developmen --   |x Congresses. --   |z Malaysi  
650 0 0 |a Information service --   |x Congresses. --   |z Malaysi  
650 0 0 |a Agricultur --   |x Information service --   |x Congresses --   |z Malaysi  
650 0 0 |a Communicatio --   |x Congresses --   |z Malaysi  
700 0 1 |a Mohd. Yusof Hussain(  |d 1940- .)  
710 2 1 |a Universiti Pertanian Malaysia  
710 2 1 |a International Development Research Centre (Canada).  
740 0 1 |a National Seminar on Development Support Communicatio 
999 |a 1000391783  |b Book  |c Open Shelf  |e KOLEKSI TERBUKA